| 000 | 00694nam a2200169Ia 4500 | ||
|---|---|---|---|
| 008 | 090201s9999 xx 000 0 und d | ||
| 010 | _aKPL-73346 | ||
| 040 | _bमराठी | ||
| 041 | _aमराठी | ||
| 082 |
_a53829 _b73346 |
||
| 100 | _aप्र न देशपांडे | ||
| 245 |
_aमराठ्यांच्या इतिहासाची साधने खंड 2 _cप्र न देशपांडे |
||
| 260 |
_c2002 _bइ.वि.का.राजवाडे संशोधन मंडळ |
||
| 300 |
_a432 _bमध्यम |
||
| 600 | _aमराठ्यांच्या इतिहासाची साधने खंड 2 | ||
| 942 | _cBOOK | ||
| 999 |
_c250250 _d250250 |
||